| 000 | 00668 a2200217 4500 | ||
|---|---|---|---|
| 003 | NUST | ||
| 005 | 20231018142917.0 | ||
| 008 | 231018b ||||| |||| 00| 0 eng d | ||
| 020 | _a9780975586051 | ||
| 038 | _aA | ||
| 040 |
_aDLC _bDLC |
||
| 082 |
_a925.5491 _bSCI |
||
| 245 | 0 | 0 |
_aScience for peace and progress: life and work of Abdus Salam _blife and work of Abdus Salam _cAnwar Dil |
| 250 | _a1st ed. | ||
| 260 |
_aSan Diego Ca : _bIntercultural Forum Takshila Research University, _c2008. |
||
| 300 |
_a668 p. : _bill. ; _c25 cm. |
||
| 563 | _aHB | ||
| 700 | 1 | _aDil, Anwar S. | |
| 710 | 2 |
_aTakshila Research University. _9107967 |
|
| 942 |
_cBK _k925.5491 SCI _2ddc |
||
| 999 |
_c5073 _d5073 |
||